书目信息 |
| 题名: |
中国南方喀斯特流域气象、农业及水文干旱驱动机制研究
|
|
| 作者: | 贺中华 , 陈晓翔 , 梁虹 著 | |
| 分册: | ||
| 出版信息: | 北京 科学出版社 2024.06 |
|
| 页数: | 255页 | |
| 开本: | 26cm | |
| 丛书名: | ||
| 单 册: | ||
| 中图分类: | P931.5 | |
| 科图分类: | ||
| 主题词: | ||
| 电子资源: | ||
| ISBN: | 978-7-03-078815-3 | |
| 000 | 01422nam0 2200265 450 | |
| 001 | 90980 | |
| 005 | 20250816144302.95 | |
| 010 | @a978-7-03-078815-3@dCNY238.00 | |
| 100 | @a20240719d2024 em y0chiy50 ea | |
| 101 | 0 | @achi |
| 102 | @aCN@b110000 | |
| 105 | @aak a 000yy | |
| 106 | @ar | |
| 200 | 1 | @a中国南方喀斯特流域气象、农业及水文干旱驱动机制研究@Azhong guo nan fang ka si te liu yu qi xiang 、 nong ye ji shui wen gan han qu dong ji zhi yan jiu@f贺中华, 陈晓翔, 梁虹等著 |
| 210 | @a北京@c科学出版社@d2024.06 | |
| 215 | @a255页@c图@d26cm | |
| 320 | @a有书目 (第232-255页) | |
| 330 | @a本书主要从系统论角度论述中国南方喀斯特流域气象气候时空分布特征、讨论降雨径流过程、流域滞后效应特征, 研究喀斯特流域气象、农业及水文干旱机制。内容包括: 喀斯特流域结构与功能关系、降雨径流过程, 流域气象、农业及水文干旱特征, 流域介质空间耦合对气象干旱响应、对农业及水文干旱驱动, 以及气象-农业干旱、气象-水文干旱、农业-水文干旱传播机制, 气象-农业-水文干旱的联合概率。可供从事水文水资源、水利工程、遥感信息工程、地理信息科学、地理科学、环境科学等专业的研究工作者和工程技术人员参考, 并可作为这些专业的大学本科生或研究生的选修教材或教学参考。 | |
| 607 | @a喀斯特地区@Aka si te di qu@x气象@x农业@x干旱@x研究@y中国 | |
| 690 | @aP931.5@v5 | |
| 701 | 0 | @a贺中华@Ahe zhong hua@4著 |
| 701 | 0 | @a陈晓翔@Achen xiao xiang@4著 |
| 701 | 0 | @a梁虹@Aliang hong@4著 |
| 801 | 0 | @aCN@c20250909 |
| 905 | @a河南城建学院图书馆@dP931.5@eH324@f1 | |
| 中国南方喀斯特流域气象、农业及水文干旱驱动机制研究/贺中华, 陈晓翔, 梁虹等著.-北京:科学出版社,2024.06 |
| 255页:图;26cm |
| ISBN 978-7-03-078815-3:CNY238.00 |
| 本书主要从系统论角度论述中国南方喀斯特流域气象气候时空分布特征、讨论降雨径流过程、流域滞后效应特征, 研究喀斯特流域气象、农业及水文干旱机制。内容包括: 喀斯特流域结构与功能关系、降雨径流过程, 流域气象、农业及水文干旱特征, 流域介质空间耦合对气象干旱响应、对农业及水文干旱驱动, 以及气象-农业干旱、气象-水文干旱、农业-水文干旱传播机制, 气象-农业-水文干旱的联合概率。可供从事水文水资源、水利工程、遥感信息工程、地理信息科学、地理科学、环境科学等专业的研究工作者和工程技术人员参考, 并可作为这些专业的大学本科生或研究生的选修教材或教学参考。 |
| ● |
| 相关链接 |
|
|
|
正题名:中国南方喀斯特流域气象、农业及水文干旱驱
索取号:P931.5/H324
 
预约/预借
| 序号 | 登录号 | 条形码 | 馆藏地/架位号 | 状态 | 备注 |
| 1 | 1624942 | 216249423 | 自科库401/401自科库 135排1列4层/ [索取号:P931.5/H324] | 在馆 |